000 00561cam a2200205ua 4500
001 2329
005 20260515113456.0
008 110804n ii |||gr||||Z||||||eng
020 _a81-7339-423-7
040 _cMAIN
082 _a370
100 1 _aSharma, Mukul Kr.,
_eAuthor.
245 1 _aPrinciples of education (Philosophical & sociological foundations of education)
_cby Mukul Kr. Sharma
250 _a1st.
260 _aDbugarh:
_bBanalata,
_c2007.
300 _a475p:
_c23cm.
653 _aEducation
653 _aPrinciples of education
942 _cBK
999 _c2186
_d2186